| 000 | 00792nam a2200277 a 4500 | ||
|---|---|---|---|
| 003 | AR-BaBNM | ||
| 005 | 20251128202950.0 | ||
| 008 | 082120s2002 ||||||||||||||000 | spa|| | ||
| 040 | _cAR-BaBNM | ||
| 100 | 1 | _aMayer, Jorge M. | |
| 245 | 0 | 0 |
_aAlberdi y su tiempo _n2 |
| 250 | _a1ª ed. | ||
| 260 |
_aBuenos Aires _bAbeledo-Perrot _c1973 |
||
| 300 | _ap. 629-1209 | ||
| 490 | 0 |
_aBiblioteca de la Academia Nacional de Derecho y Ciencias Sociales de Buenos Aires _vv. 13 |
|
| 504 | _aContiene bibliografía p. 1153-1209 | ||
| 650 | 4 | _aHISTORIA ARGENTINA | |
| 650 | 4 | _aBIOGRAFIAS | |
| 650 | 4 | _aHISTORIA SOCIAL | |
| 650 | 4 | _aHISTORIA ECONOMICA | |
| 650 | 4 | _aGUERRAS CIVILES ARGENTINAS | |
| 650 | 4 | _aORGANIZACION NACIONAL | |
| 655 | _aBIOGRAFIAS | ||
| 942 | _cBK | ||
| 998 | _cEnrique | ||
| 999 |
_c1305 _d1305 |
||